000 00847nam a2200193Ia 4500
008 151121s9999||||xx |||||||||||||| ||und||
082 _a920/गद्रे
082 _bHNW-16747
100 _aगद्रे अनंत हरि-संपा
245 _aअच्युतराव कोल्हटकर स्मारकग्रंथ भा-2
260 _b"सापळे प्रकाशन, मुंबई"
260 _c--
300 _a224
600 _aगद्रे अनंत हरि-संपा
630 _aअच्युतराव कोल्हटकर स्मारकग्रंथ भा-2
700 _aगद्रे अनंत हरि-संपा
730 _aअच्युतराव कोल्हटकर स्मारकग्रंथ भा-2
942 _cBOOK
999 _c1219460
_d1219457